| 000 | 00457nam a2200193Ia 4500 | ||
|---|---|---|---|
| 005 | 20240823053154.0 | ||
| 008 | 240823s9999||||xx |||||||||||||| ||und|| | ||
| 020 | _a978-81-7758-540-7 | ||
| 041 | _aENGLISH | ||
| 082 | _A629.89 Q4 | ||
| 100 | _aDan Necsulescu | ||
| 245 | 0 | _aMechatronics | |
| 250 | _a1st | ||
| 260 |
_c2014 _bPearson Education (Singapore) |
||
| 500 | _aYES | ||
| 650 |
_aMechatronics _bMechanical |
||
| 942 | _cBK | ||
| 999 |
_c223565 _d223565 |
||